000 00363nam a22001337a 4500
008 250404b |||||||| |||| 00| 0 eng d
020 _a9780727901907
050 _aRM262
_b.N49
245 _aNew Drugs
260 _aLondon
_bPublished by the British medical Association
_c1983
300 _a215p
650 _aNew Drugs on the therapeutic scene
_vDrugs
942 _cBK
999 _c2889
_d2889